=LDR 00000nam 2200000 4500 =001 NUTBA000000000003106 =005 20200825103939 =035 ##$$a 0010-071400000000294 =008 200825################g##########0#ind## =020 ##$$a 979-416-400-3 =040 ##$$a NBPDMAT =082 ##$$a 261.097 3 =090 ##$$a 261.097 3$bMar a =100 1#$$a Marsden, George M. =245 1#$$a Agama dan budaya amerika /$c George M. Marsden =260 ##$$a Jakarta :$b Pustaka Sinar Harapan,$c 1996. =300 ##$$a xiii, 419 hlm. ; $c 21 X 14 cm. =500 ##$$a Judul asli: Religion and American culture =650 #4$$a Kristiani dan Kebudayaan - Amerika serikat =850 ##$$a NBPDMAT =084 ##$$a 261.097 3 MAR a =250 ##$$a cet.1 =990 ##$$a 00089043 =990 ##$$a 00090590 =990 ##$$a 00091038